| 000 | 00487nam a2200181Ia 4500 | ||
|---|---|---|---|
| 001 | 13519 | ||
| 003 | GE_BSU | ||
| 008 | 181216s||||||||xx |||||||||||||| ||und|| | ||
| 040 | _cGE_BSU | ||
| 080 | _a94(100) | ||
| 245 | _aNature Atlas of Great Britain. Ireland and the Channel isies | ||
| 260 | _aLondon | ||
| 260 | _bDuncan Petersen Publishing LTD | ||
| 260 | _c1989 | ||
| 300 | _a287p.ill.30cm. | ||
| 653 | _aNature Atlas of Great Britain. Ireland and the Channel isies | ||
| 942 | _cBK | ||
| 999 |
_c46678 _d46678 |
||